Historia política del pantalón /
Historia del pantalón como símbolo histórico de la discriminación femenina, en tanto fue durante largo tiempo una prenda vinculada con la virilidad. Símbolo que, paradójicamente, en épocas recientes se convierte en una expresión de la equidad de género, en tanto las mujeres pueden decidir libremente...
Uloženo v:
| Hlavní autor: | |
|---|---|
| Médium: | Kniha |
| Jazyk: | španělština |
| Vydáno: |
México :
Tusquets,
2012, c2012
|
| Témata: | |
| Tagy: |
Žádné tagy, Buďte první, kdo vytvoří štítek k tomuto záznamu!
|
MARC
| LEADER | 00000nam^a2200000^a^4500 | ||
|---|---|---|---|
| 001 | 000331134 | ||
| 005 | 20250521000000.0 | ||
| 008 | 080522 20122012 | ||
| 009 | 20260310114025.945 | ||
| 020 | |a 978-607-421-356-0 | ||
| 037 | |a Acervo ITESO - Biblioteca | ||
| 041 | |a ESP | ||
| 082 | |a 746. 9234 |b BAR | ||
| 100 | |a Bard, Christine |e (autor) | ||
| 245 | 1 | 0 | |a Historia política del pantalón / |c C. Bard ; tr. por Nuria VIver Barri. |
| 264 | 4 | |a México : |b Tusquets, |c 2012, c2012 | |
| 300 | |a 381 p. | ||
| 336 | |a texto |b txt |2 rdacontenido | ||
| 337 | |a sin mediación |b n |2 rdamedio | ||
| 338 | |a volumen |b nc |2 rdasoporte | ||
| 520 | |a Historia del pantalón como símbolo histórico de la discriminación femenina, en tanto fue durante largo tiempo una prenda vinculada con la virilidad. Símbolo que, paradójicamente, en épocas recientes se convierte en una expresión de la equidad de género, en tanto las mujeres pueden decidir libremente si lo usan o no. | ||
| 649 | |a XX | ||
| 650 | |a Mujeres - |x Condiciones Sociales y Culturales - |x Tema Principal | ||
| 650 | |a Pantalones - |x Tema Principal | ||
| 650 | |a Pantalones - |x Historia | ||
| 650 | |a Pantalones - |x Aspectos Políticos | ||
| 650 | |a Pantalones - |x Aspectos Sociales y Culturales | ||
| 650 | |a Moda | ||
| 650 | |a Discriminación de Género | ||
| 650 | |a Género | ||
| 650 | |a Feminismo | ||
| 650 | |a Prácticas Culturales | ||
| 650 | |a Historia Social | ||
| 650 | |a Sociología de la Cultura | ||
| 910 | |a Fondo General | ||
| 920 | |a Impresos - Libros | ||
| 930 | |a Colección General | ||
| 905 | |a 101 | ||
| 901 | |a 0500220313 |b IT1 |c ACC |i C134535 |u 20250521 | ||
| 902 | |a https://opac.biblio.iteso.mx/vufind/Record/000331134 | ||